Word Ladder: Biblical Advice Quiz Stats

 Plays Quiz Updated Apr 18, 2012

Support Sporcle.
Go Orange.
Score 0/24 Timer 02:00
0 Plays Today
Clue Answer % Correct
'___ Stop Believin'☀ DON'T ☀
97.1%
Dog noiseBARK
93%
Skeletal matterBONE
92.6%
Turn one's eyes toward☀ LOOK ☀
91.1%
Printed work of fiction/nonfictionBOOK
90.9%
Carried out or accomplishedDONE
89.5%
Door mechanismLOCK
88.5%
Ash Wednesday to Holy SaturdayLENT
86.6%
What baby got, in a Sir Mix-a-Lot song☀ BACK ☀
85.8%
Lacking clothingBARE
85.2%
Knock or hit (something)BONK
84.1%
Depression, perhapsDENT
83.5%
Clue Answer % Correct
Transparent optical device LENS
83.3%
To go withoutLACK
83%
Sodium chloride (NaCl)☆ SALT ☆
81.6%
Allows or permitsLETS
77.7%
One who engages in husbandry?☆ WIFE ☆
77.6%
Articles of merchandiseWARE
70%
Thin flexible metal stripWIRE
67.7%
Sand deposited as sedimentSILT
64.6%
Items for sale at an auction☆ LOTS ☆
57.9%
Put through a sieveSIFT
57%
Abundant or prevalentRIFE
45.9%
Narrow fissure in rockRIFT
44.7%

Today's Daily Dose

Word Ladder
ING Words

Get the Picture
Nearest Volcano

From the Vault

Short-Named European Cities

by Booger

Sometimes, Europe likes to keep it simple.
Remove Ads.
Support Sporcle.
Get the best of Sporcle when you Go Orange. This ad-free experience offers more features, more stats, and more fun while also helping to support Sporcle. Thank you for becoming a member.

Show Comments

Extras

Top Quizzes Today


Score Distribution

Your Account Isn't Verified!

In order to create a playlist on Sporcle, you need to verify the email address you used during registration. Go to your Sporcle Settings to finish the process.

Report this User

Report this user for behavior that violates our Community Guidelines.

Details: